Leopold II attempts at a colony - Statistics

General Stats
  • This quiz has been taken 35 times
  • The average score is 3 of 15
Answers on the Grid
Answers color-coded by a green-red scale on the quiz's grid according to % correct below.
Brazil
Malta
Portugal
South Africa
Sri lanka
New Zealand
Philipines
Taiwan
Cyprus
Alaska
Pennsylvania
Uruguay
Madagascar
India
Java
Thailand
Korea
Congo
missouri
Puerto rico
Cuba
Quebec
Texas
Guatemala
Tianjin, China
 
Answer Stats
Answer % Correct
South Africa
50%
Congo
42%
Brazil
33%
Philipines
25%
Texas
25%
Tianjin, China
25%
Guatemala
17%
India
17%
Java
17%
Madagascar
17%
Portugal
17%
New Zealand
8%
Cyprus
0%
missouri
0%
Pennsylvania
0%
No matching quizzes found
Score Distribution
Percent of People with Each Score
Percentile by Number Answered
Your Score History
You have not taken this quiz